| 000 | 00566nam a22002057a 4500 | ||
|---|---|---|---|
| 005 | 20251108173637.0 | ||
| 008 | 250721s2005 xx 000 0 ara d | ||
| 020 | _a9953633118 | ||
| 082 | 1 | 4 | _aط/925/باس |
| 245 | 1 | 0 | _aباستور عدو الجراثيم / |
| 250 | _aط4 | ||
| 264 | 1 |
_aبيروت : _bدار العلم للملايين، _c2005. |
|
| 300 | _a95ص | ||
| 490 | 0 | _aالناجحون | |
| 650 | 1 | 7 | _aالمشاهير |
| 650 | 1 | 7 | _aالجراثيم |
| 653 | _aناشئون كبار (15-18) سنة | ||
| 942 |
_2ddc _cBK |
||
| 999 |
_c108869 _d108869 |
||